000 00709nam a2200229 i 4500
001 120306
003 ES-MaACL
005 20250824205124.0
007 t|
008 070214s1971 sp |||| | spa d
245 0 0 _aPoesía femenina española (1950-1960) /
_cantología de Carmen Conde.
250 _a1ª ed.
260 _aBarcelona :
_bBruguera,
_c1971.
300 _a672 p. ;
_c18 cm.
490 1 _aLibro clásico ;
_v83
650 4 _aPoesías españolas-
_yS.XX.
_916221
650 4 _aPoesías españolas-
_xAutoras.
_9170473
700 1 _aConde, Carmen,
_d1907-1996
_940088
830 1 0 _aLibro clásico (Bruguera)
_v83
_9182686
852 _aES-MaACL
_jC-40758
999 _c120306
_d120306